000 00245nam a2200109Ia 4500
008 200302s9999 xx 000 0 und d
100 _aAuthor
245 _aRadio Vision Booklet
260 _bThe Open University
260 _c1975
300 _a111 P.,
999 _c542
_d542